Consumer behavior / (Record no. 911)

MARC details
000 -LEADER
fixed length control field 00593nam a2200193 ar4500
001 - CONTROL NUMBER
control field 911
005 - DATE AND TIME OF LATEST TRANSACTION
control field 20221127090049.0
008 - FIXED-LENGTH DATA ELEMENTS--GENERAL INFORMATION
fixed length control field 080622s xxua 00110|eng d
020 ## - INTERNATIONAL STANDARD BOOK NUMBER
International Standard Book Number 0131869604(hpb) :
Terms of availability SR558.00
082 04 - DEWEY DECIMAL CLASSIFICATION NUMBER
Classification number 658.8342
Item number Sch32 2007
Edition number 22
100 1# - MAIN ENTRY--PERSONAL NAME
Personal name Schiffman, Leon G.
245 10 - TITLE STATEMENT
Title Consumer behavior /
Statement of responsibility, etc. L Schiffman, L. Kanuk.
250 ## - EDITION STATEMENT
Edition statement 9th ed.
260 ## - PUBLICATION, DISTRIBUTION, ETC.
Place of publication, distribution, etc. Upper Saddle River, NJ :
Name of publisher, distributor, etc. Pearson,
Date of publication, distribution, etc. 2007.
300 ## - PHYSICAL DESCRIPTION
Extent xix, 561 p. :
Other physical details ill. ;
Dimensions 25 cm.
504 ## - BIBLIOGRAPHY, ETC. NOTE
Bibliography, etc. note Includes bibl. references and index.
650 #4 - SUBJECT ADDED ENTRY--TOPICAL TERM
Topical term or geographic name entry element Consumer behavior.
700 0# - ADDED ENTRY--PERSONAL NAME
Personal name Kanuk, Leslie Lazar,
Relator term jt. auth.
Holdings
Withdrawn status Lost status Source of classification or shelving scheme Damaged status Not for loan Home library Current library Date acquired Total Checkouts Full call number Barcode Date last seen Copy number Price effective from Koha item type
              11/27/2022   658.8342 Sch32 2007 1000000006823 11/27/2022 C4 11/27/2022 Book
              11/27/2022   658.8342 Sch32 2007 1000000006822 11/27/2022 C5 11/27/2022 Book
          CENTRAL CENTRAL 11/27/2022   658.8342 Sch32 2007 1000000000817 11/27/2022 C2 11/27/2022 Book
          KHOBAR KHOBAR 11/27/2022   658.8342 Sch32 2007 1000000000818 11/27/2022 C1 11/27/2022 Book
          KHOBAR KHOBAR 11/27/2022   658.8342 Sch32 2007 1000000000816 11/27/2022 C3 11/27/2022 Book